Tratado de patología quirúrgica de Davis-Cristopher / (Registro nro. 5329)

Detalles MARC
000 -CABECERA
campo de control de longitud fija 00762nam a2200217 i 4500
001 - NÚMERO DE CONTROL
campo de control ES-MaREB01622089-1
003 - IDENTIFICADOR DEL NÚMERO DE CONTROL
campo de control ES-MaREB
005 - FECHA Y HORA DE LA ÚLTIMA TRANSACCIÓN
campo de control 20220204124011.0
008 - DATOS DE LONGITUD FIJA--INFORMACIÓN GENERAL
campo de control de longitud fija 171115s1974 mx a 001 0 spa c
035 ## - NÚMERO DE CONTROL DEL SISTEMA
Número de control de sistema ES-VlRAB001896153
040 ## - FUENTE DE LA CATALOGACIÓN
Centro catalogador/agencia de origen RABEL
Centro/agencia transcriptor AR-RoIUNI
080 ## - NÚMERO DE LA CLASIFICACIÓN DECIMAL UNIVERSAL
Número de la Clasificación Decimal Universal 616-089
245 00 - MENCIÓN DE TÍTULO
Título Tratado de patología quirúrgica de Davis-Cristopher /
Mención de responsabilidad, etc. por David C. Sabiston, Jr. ; traducido al español por Alberto Folch y Pi... [et al.].
250 ## - MENCIÓN DE EDICIÓN
Mención de edición 6ª ed. en español traducida de la 10ª ed. inglesa.
260 ## - PUBLICACIÓN, DISTRIBUCIÓN, ETC. (PIE DE IMPRENTA)
Lugar de publicación, distribución, etc. México, D.F. [etc.] :
Nombre del editor, distribuidor, etc. Interamericana,
Fecha de publicación, distribución, etc. 1974.
300 ## - DESCRIPCIÓN FÍSICA
Extensión 2 v. (2067 p.) :
Otras características físicas il. ;
Dimensiones 27 cm.
505 0# - NOTA DE CONTENIDO CON FORMATO
Nota de contenido con formato Contiene: Vol. 1 - Vol. 2
650 04 - PUNTO DE ACCESO ADICIONAL DE MATERIA--TÉRMINO DE MATERIA
Término de materia o nombre geográfico como elemento inicial Patología quirúrgica.
700 0# - PUNTO DE ACCESO ADICIONAL--NOMBRE DE PERSONA
Nombre de persona Davis, Christopher.
942 ## - ELEMENTOS DE PUNTO DE ACCESO ADICIONAL (KOHA)
Fuente del sistema de clasificación o colocación Clasificación Decimal Universal
Tipo de ítem Koha Libros
Existencias
Estado de retiro Estado de pérdida Fuente del sistema de clasificación o colocación Estado dañado Excepción de préstamo Código de colección Localización permanente Ubicación/localización actual Ubicación en estantería Fecha de adquisición Fuente de adquisición Número de inventario Total de préstamos Signatura topográfica completa Código de barras Fecha visto por última vez Precio válido a partir de Tipo de ítem Koha
    Clasificación Decimal Universal     Medicina BIBLIOTECA CENTRAL BIBLIOTECA CENTRAL BIBLIOTECA CENTRAL 04/02/2022 Donación 7080   616-089 TRA 7080 04/02/2022 04/02/2022 Libros